[Event "19e tournoi d'automne"]
[Site "Montigny le Bretonneux"]
[Date "2021.10.23"]
[Round "1.1"]
[White "Gazay, Didier"]
[Black "Fruchard, Cyrille"]
[Result "0-1"]
[WhiteElo "1657"]
[BlackElo "2278"]
[Annotator "Rivier,Sylvain"]
[PlyCount "66"]
[EventDate "2021.??.??"]

{Ouverture anglaise, variante Botvinnik} 1. c4 Nf6 2. g3 g6 3. Bg2 Bg7 4. Nc3
O-O 5. d3 c5 6. e4 Nc6 7. Nge2 d6 8. O-O Ne8 9. Be3 Nd4 10. Qd2 Bg4 11. f3 Bd7
12. h3 a6 13. Rac1 b5 14. Bxd4 cxd4 15. Nd1 Nc7 16. c5 dxc5 17. Rxc5 Ne6 18.
Rc1 Qb6 19. Qb4 Rfe8 20. Nf2 a5 21. Qd2 Nc5 22. Nf4 Bh6 23. Nd5 Bxd2 24. Nxb6
Bxc1 25. Nxa8 Bxb2 26. Nc7 Rb8 27. Nd5 Kf8 28. f4 b4 29. g4 Bb5 30. Rd1 Na4 31.
Rd2 Rc8 32. Nd1 Rc1 33. Nc7 Bc3 0-1

[Event "19e tournoi d'automne"]
[Site "Montigny le Bretonneux"]
[Date "2021.10.23"]
[Round "1.2"]
[White "Gouanelle, Franck"]
[Black "Mimoune, Kenzi"]
[Result "1-0"]
[WhiteElo "2029"]
[BlackElo "1588"]
[Annotator "Rivier,Sylvain"]
[PlyCount "87"]
[EventDate "2021.??.??"]

{Partie du pion dame} 1. d4 d5 2. Nf3 Bf5 3. Bf4 Nf6 4. e3 e6 5. c4 Bb4+ 6. Nc3
Ne4 7. Qb3 Bxc3+ 8. bxc3 b6 9. cxd5 exd5 10. Bb5+ c6 11. Be2 Nd7 12. h3 O-O 13.
O-O Ndf6 14. c4 c5 15. Rfd1 b5 16. cxb5 c4 17. Qb2 Rc8 18. Rac1 Qb6 19. a4 Qa5
20. Qa3 Nd7 21. Ne5 Nxe5 22. Bxe5 Nd2 23. Qc3 Qxc3 24. Rxc3 Ne4 25. Rcc1 f6 26.
Bh2 Rfe8 27. f3 Ng5 28. Rc3 Re6 29. h4 Nf7 30. g4 Bd3 31. Rdxd3 Rce8 32. Rd2
Rxe3 33. Rxe3 Rxe3 34. Kf2 Ra3 35. Bd1 Nd8 36. Bb8 Ra1 37. Re2 Nb7 38. Bxa7 Na5
39. Bc2 Kf7 40. Bc5 Nb3 41. b6 Na5 42. Bxh7 f5 43. Re7+ Kf6 44. g5# 1-0

[Event "19e tournoi d'automne"]
[Site "Montigny le Bretonneux"]
[Date "2021.10.23"]
[Round "1.3"]
[White "Couradin, Jean-Marie"]
[Black "Divies, Renaud"]
[Result "0-1"]
[WhiteElo "1581"]
[BlackElo "1931"]
[Annotator "Rivier,Sylvain"]
[PlyCount "44"]
[EventDate "2021.??.??"]

{Ouverture anglaise} 1. c4 e5 2. Nc3 f5 3. g3 Nf6 4. Bg2 c6 5. e3 Be7 6. Nge2
O-O 7. d4 e4 8. d5 d6 9. b3 Nbd7 10. Nf4 Ne5 11. O-O g5 12. Nfe2 c5 13. f4 exf3
14. Bxf3 Nxf3+ 15. Rxf3 Ng4 16. Qd2 Qe8 17. h3 Ne5 18. Rf2 Qh5 19. Kg2 f4 20.
g4 Bxg4 21. hxg4 Nxg4 22. Rf3 fxe3 0-1

[Event "19e tournoi d'automne"]
[Site "Montigny le Bretonneux"]
[Date "2021.10.23"]
[Round "1.4"]
[White "Forissier, Nicolas"]
[Black "Kunne, Ronald"]
[Result "1-0"]
[WhiteElo "1918"]
[BlackElo "1561"]
[Annotator "Rivier,Sylvain"]
[PlyCount "57"]
[EventDate "2021.??.??"]

{DÃ©fense hollandaise} 1. d4 e6 2. c4 f5 3. Nc3 Bb4 4. g3 Nf6 5. Bd2 O-O 6. Bg2
d5 7. Qb3 Bxc3 8. Bxc3 c6 9. Nh3 a5 10. cxd5 exd5 11. O-O Ne4 12. Nf4 Qe8 13.
Rae1 g5 14. Nd3 Nd7 15. Kh1 Qh5 16. Kg1 Rf6 17. f3 Rh6 18. fxe4 Qxh2+ 19. Kf2
Rh3 20. Rh1 Qxg3+ 21. Kg1 Rxh1+ 22. Kxh1 Nf6 23. Ne5 a4 24. Qa3 dxe4 25. Qe7
Qh4+ 26. Kg1 Qh6 27. Qf7+ Kh8 28. d5 Qg7 29. Ng6+ 1-0

[Event "19e tournoi d'automne"]
[Site "Montigny le Bretonneux"]
[Date "2021.10.23"]
[Round "1.5"]
[White "Flamant, Jacky"]
[Black "Gaillard, Michel"]
[Result "0-1"]
[WhiteElo "1479"]
[BlackElo "1883"]
[Annotator "Rivier,Sylvain"]
[PlyCount "54"]
[EventDate "2021.??.??"]

{Défense sicilienne} 1. e4 c5 2. Nf3 Nc6 3. d4 cxd4 4. Nxd4 Nf6 5. Nc3 d6 6.
Nxc6 bxc6 7. Bd3 g6 8. h3 Bg7 9. Be3 O-O 10. Qd2 Qa5 11. O-O Qc7 12. Bh6 d5 13.
Bxg7 Kxg7 14. exd5 cxd5 15. Rfe1 Re8 16. Rad1 Rb8 17. b3 Bd7 18. a4 e6 19. Bb5
Rec8 20. Bxd7 Nxd7 21. Re3 Qc5 22. Qd4+ Qxd4 23. Rxd4 a6 24. Kf1 Rb7 25. Ke1
Rbc7 26. Kd2 Nb8 27. Rb4 Nc6 0-1

[Event "19e tournoi d'automne"]
[Site "Montigny le Bretonneux"]
[Date "2021.10.23"]
[Round "1.6"]
[White "Roy, Alain"]
[Black "Mimoune, Mehdi"]
[Result "0-1"]
[WhiteElo "1836"]
[BlackElo "1451"]
[Annotator "Rivier,Sylvain"]
[PlyCount "88"]
[EventDate "2021.??.??"]

{Ouverture anglaise} 1. Nf3 c5 2. g3 d5 3. c4 e6 4. Bg2 Nf6 5. b3 Nc6 6. Bb2 d4
7. d3 Bd6 8. O-O h5 9. e3 e5 10. exd4 cxd4 11. Qe2 O-O 12. Nbd2 Re8 13. Ne4
Nxe4 14. Qxe4 Qf6 15. Qh4 Qg6 16. Qg5 Qh7 17. Nh4 Be7 18. Qd2 Bxh4 19. gxh4 Bf5
20. Rad1 Rab8 21. Rfe1 Re6 22. Kh1 Rbe8 23. Be4 Bxe4+ 24. Rxe4 f5 25. Ree1 Rd8
26. f3 e4 27. fxe4 fxe4 28. dxe4 Rxe4 29. Rxe4 Qxe4+ 30. Qg2 Qxh4 31. Rg1 Rd7
32. Qg6 Rf7 33. Qg3 Qe4+ 34. Qg2 Qd3 35. Bc1 Ne5 36. Re1 Qc3 37. Bd2 Qd3 38. h3
Nf3 39. Re8+ Kh7 40. Be1 Ng5 41. Re2 Rf3 42. h4 Rh3+ 43. Kg1 Nf3+ 44. Kf1 Rh2
0-1

[Event "19e tournoi d'automne"]
[Site "Montigny le Bretonneux"]
[Date "2021.10.23"]
[Round "1.7"]
[White "Marival, Fred"]
[Black "Kvashyna, Tetyana"]
[Result "0-1"]
[WhiteElo "1420"]
[BlackElo "1762"]
[Annotator "Rivier,Sylvain"]
[PlyCount "94"]
[EventDate "2021.??.??"]

{Partie espagnole, défense fermée} 1. e4 e5 2. Nf3 Nc6 3. Bb5 a6 4. Ba4 Nf6 5.
O-O Be7 6. Re1 b5 7. Bb3 d6 8. c3 O-O 9. d4 Bg4 10. h3 Bxf3 11. Qxf3 exd4 12.
Qd1 dxc3 13. Nxc3 Ne5 14. Bc2 c5 15. Nd5 Nxd5 16. Qxd5 Qb6 17. b3 c4 18. Be3
Qc7 19. f4 Nc6 20. Bd2 Bf6 21. Rac1 Bb2 22. Rb1 c3 23. Be3 Nb4 24. Qd1 Nxa2 25.
Bd4 Nb4 26. e5 Nxc2 27. Qxc2 Rac8 28. exd6 Qxd6 29. Be3 Rfe8 30. Rbd1 Qg6 31.
f5 Qg3 32. Bf2 Rxe1+ 33. Rxe1 Qc7 34. Bd4 Ba3 35. Kh1 Bd6 36. Re3 b4 37. Re4 a5
38. Rg4 Be5 39. f6 g6 40. Re4 Bxd4 41. Rxd4 Qe5 42. Rd7 Qxf6 43. Ra7 Qf1+ 44.
Kh2 Qf4+ 45. Kg1 Qe3+ 46. Qf2 Qxf2+ 47. Kxf2 c2 0-1

[Event "19e tournoi d'automne"]
[Site "Montigny le Bretonneux"]
[Date "2021.10.23"]
[Round "1.8"]
[White "Delmont, Jean-Robert"]
[Black "Aidan, David"]
[Result "1-0"]
[WhiteElo "1753"]
[BlackElo "1399"]
[Annotator "Rivier,Sylvain"]
[PlyCount "31"]
[EventDate "2021.??.??"]

{Gambit dame, défense semi-slave} 1. d4 d5 2. c4 c6 3. Nc3 Nf6 4. e3 e6 5. Nf3
Bd6 6. Bd3 O-O 7. e4 Bc7 8. e5 Ne4 9. Nxe4 dxe4 10. Bxe4 Nd7 11. Bxh7+ Kh8 12.
Bc2 f6 13. Qd3 f5 14. Ng5 Qe7 15. Qh3+ Kg8 16. Qh7# 1-0

[Event "19e tournoi d'automne"]
[Site "Montigny le Bretonneux"]
[Date "2021.10.23"]
[Round "1.9"]
[White "Cogez, Celine"]
[Black "Carbonnet, Christophe"]
[Result "1-0"]
[WhiteElo "1320"]
[BlackElo "1744"]
[Annotator "Rivier,Sylvain"]
[PlyCount "77"]
[EventDate "2021.??.??"]

{Défense sicilienne, variante Alapine} 1. e4 c5 2. c3 e6 3. d4 d5 4. exd5 exd5
5. Nf3 Nc6 6. Be2 Bd6 7. Be3 c4 8. O-O Nf6 9. Nbd2 O-O 10. h3 Be6 11. Qc2 b5
12. b3 h6 13. bxc4 bxc4 14. Rab1 Qd7 15. Qc1 Bf5 16. Ra1 Rab8 17. Bd1 Rb7 18.
Ba4 Qc7 19. Bxc6 Qxc6 20. Ne5 Qc7 21. Ndf3 Rfb8 22. Bxh6 gxh6 23. Qxh6 Bxe5 24.
Qg5+ Bg6 25. Nxe5 Nh7 26. Qg4 Qc8 27. Qg3 Qf5 28. Rfe1 Rb6 29. Nc6 R8b7 30.
Ne7+ Rxe7 31. Rxe7 Rb1+ 32. Rxb1 Qxb1+ 33. Kh2 Qxa2 34. Re8+ Kg7 35. Qe5+ f6
36. Qc7+ Kh6 37. Qf4+ Kg7 38. Re7+ Kf8 39. Qd6 1-0

[Event "19e tournoi d'automne"]
[Site "Montigny le Bretonneux"]
[Date "2021.10.23"]
[Round "1.10"]
[White "De Lagontrie, Jean"]
[Black "Tanchoux, Pierre"]
[Result "1-0"]
[WhiteElo "1722"]
[BlackElo "1295"]
[Annotator "Rivier,Sylvain"]
[PlyCount "89"]
[EventDate "2021.??.??"]

{Gambit dame, variente d'échange} 1. d4 Nf6 2. c4 e6 3. Nc3 d5 4. cxd5 exd5 5.
Bg5 Be7 6. e3 c6 7. Qc2 O-O 8. Bd3 g6 9. Nf3 Nbd7 10. O-O Re8 11. h3 Nf8 12.
Ne5 Ne6 13. Bh4 Ng7 14. g4 Nd7 15. Bg3 Bf6 16. f4 Nxe5 17. dxe5 Bh4 18. Qf2
Bxg3 19. Qxg3 f5 20. Rad1 Be6 21. Kh2 Qd7 22. g5 Rad8 23. Ne2 Qc7 24. Nd4 Rd7
25. Qf2 Red8 26. h4 a6 27. b4 Qb6 28. Rb1 Qa7 29. Rfc1 Rc8 30. Rc5 Rdc7 31.
Rbc1 Bd7 32. b5 Ne6 33. Nxe6 Bxe6 34. bxa6 bxa6 35. Ra5 Rb8 36. Rxa6 Qb7 37.
Rb1 Qc8 38. Rab6 Rxb6 39. Rxb6 Ra7 40. Qb2 Kg7 41. a4 c5 42. Bb5 c4 43. Qc3 Bd7
44. Bxd7 Rxd7 45. e6+ 1-0

[Event "19e tournoi d'automne"]
[Site "Montigny le Bretonneux"]
[Date "2021.10.23"]
[Round "1.11"]
[White "Rafalimanana, Hary"]
[Black "Romero, Michel"]
[Result "0-1"]
[WhiteElo "1238"]
[BlackElo "1697"]
[Annotator "Rivier,Sylvain"]
[PlyCount "52"]
[EventDate "2021.??.??"]

{Partie du pion dame} 1. d4 d5 2. Nf3 Nf6 3. Nc3 Bf5 4. Ne5 e6 5. a3 Nbd7 6.
Bg5 Be7 7. e3 O-O 8. h4 Nxe5 9. dxe5 Ng4 10. Bxe7 Qxe7 11. Be2 Nxe5 12. g4 Be4
13. f3 Qc5 14. fxe4 Qxe3 15. Qc1 Qg3+ 16. Kf1 f5 17. exf5 Nxg4 18. Bxg4 Qxg4
19. Qe3 Rxf5+ 20. Ke1 Rf3 21. Qe5 d4 22. Ne2 Re3 23. Qh2 Qe4 24. Rg1 Qxc2 25.
Qg2 g6 26. Rc1 Qxc1+ 0-1

[Event "19e tournoi d'automne"]
[Site "Montigny le Bretonneux"]
[Date "2021.10.23"]
[Round "1.12"]
[White "Brisse, Axel"]
[Black "Sbai, Adam"]
[Result "1-0"]
[WhiteElo "1695"]
[BlackElo "1199"]
[Annotator "Rivier,Sylvain"]
[PlyCount "77"]
[EventDate "2021.??.??"]

{Ouverture catalane, variante ouverte} 1. Nf3 d5 2. g3 Nc6 3. d4 Nf6 4. c4 dxc4
5. Bg2 e6 6. O-O Be7 7. Qa4 Qd5 8. Ne5 Qxd4 9. Nxc6 Qd7 10. Nc3 O-O 11. Nxe7+
Qxe7 12. Bg5 h6 13. Bxf6 Qxf6 14. Qxc4 c6 15. Rfd1 Qe7 16. Rd2 Bd7 17. Rad1
Rfd8 18. Rd6 Rac8 19. Qd3 Rc7 20. Na4 b6 21. Bxc6 Rxc6 22. Rxc6 Bxc6 23. Qxd8+
Qxd8 24. Rxd8+ Kh7 25. Nc3 a5 26. Rd6 Bb7 27. Rxb6 Bd5 28. Nxd5 exd5 29. Ra6 f5
30. Rxa5 Kg6 31. Rxd5 Kg5 32. a4 Kg4 33. f3+ Kh3 34. Rxf5 g6 35. Rf6 h5 36.
Rxg6 h4 37. Kf2 Kxh2 38. Rh6 Kh3 39. Rxh4# 1-0

[Event "19e tournoi d'automne"]
[Site "Montigny le Bretonneux"]
[Date "2021.10.23"]
[Round "1.13"]
[White "Weil, Simon"]
[Black "Duval, Dominique"]
[Result "1-0"]
[WhiteElo "1199"]
[BlackElo "1695"]
[Annotator "Rivier,Sylvain"]
[PlyCount "67"]
[EventDate "2021.??.??"]

{Défense sicilienne} 1. e4 c5 2. b3 d6 3. Bb2 Nf6 4. Bb5+ Bd7 5. Bxd7+ Nbxd7 6.
d3 e6 7. Ne2 Be7 8. O-O O-O 9. Ng3 Qc7 10. f4 Rac8 11. Nd2 b5 12. c4 a6 13. f5
e5 14. Ne2 b4 15. Rf3 h6 16. Nf1 Nh7 17. Ne3 Nb6 18. Nd5 Nxd5 19. cxd5 Qd8 20.
Kh1 Ng5 21. Rg3 h5 22. Ng1 h4 23. Rg4 h3 24. gxh3 Nh7 25. Nf3 Bg5 26. Qg1 Bh6
27. Bc1 Qf6 28. Bg5 Bxg5 29. Nxg5 Nxg5 30. Rxg5 Qh6 31. Qg4 Rc7 32. f6 Qxf6 33.
Rg1 g6 34. h4 1-0

[Event "19e tournoi d'automne"]
[Site "Montigny le Bretonneux"]
[Date "2021.10.23"]
[Round "1.14"]
[White "Fayolle, Guy"]
[Black "Fellag Ariouet, Ismael"]
[Result "1-0"]
[WhiteElo "1679"]
[BlackElo "1099"]
[Annotator "Rivier,Sylvain"]
[PlyCount "37"]
[EventDate "2021.??.??"]

{Défense des deux cavaliers} 1. e4 e5 2. Nf3 Nc6 3. Bc4 Nf6 4. Ng5 Ke7 5. Nxf7
Qe8 6. Nxh8 g6 7. O-O Bh6 8. Nf7 d5 9. Bxd5 Be6 10. Bxe6 Kxe6 11. Nxh6 Nxe4 12.
Qg4+ Kd5 13. c4+ Kd4 14. d3 Kxd3 15. Qf3+ Kd4 16. Be3+ Kd3 17. Na3 Qf8 18.
Rad1+ Nd2 19. Rxd2# 1-0

[Event "19e tournoi d'automne"]
[Site "Montigny le Bretonneux"]
[Date "2021.10.24"]
[Round "2.1"]
[White "Fruchard, Cyrille"]
[Black "De Lagontrie, Jean"]
[Result "1-0"]
[WhiteElo "2278"]
[BlackElo "1722"]
[Annotator "Rivier,Sylvain"]
[PlyCount "109"]
[EventDate "2021.??.??"]

{Défense française, variante classique} 1. d4 Nf6 2. Nc3 d5 3. Bg5 e6 4. e4
dxe4 5. Bxf6 gxf6 6. Nxe4 f5 7. Ng3 c6 8. Nf3 Nd7 9. Bd3 Nf6 10. O-O Be7 11.
Re1 O-O 12. Qd2 Kh8 13. Rad1 Rg8 14. Ne5 Qf8 15. a3 Ng4 16. Nxg4 Rxg4 17. c4
Bd7 18. d5 Rd8 19. d6 Bf6 20. Nh5 Bg7 21. h3 Rd4 22. c5 e5 23. Qa5 b6 24. Qxa7
bxc5 25. Nxg7 Kxg7 26. Qxc5 Qxd6 27. Qxd6 Rxd6 28. Be2 Be6 29. Rxd6 Rxd6 30.
Rd1 Rxd1+ 31. Bxd1 c5 32. Kf1 Kf6 33. Ke2 e4 34. Ke3 Ke5 35. g3 h6 36. h4 f6
37. Ba4 Bc8 38. Bb3 Bd7 39. Bc4 Bc6 40. b3 Bd7 41. a4 Kd6 42. Kf4 Kc7 43. a5
Bc8 44. Bg8 Kc6 45. Bh7 Kb5 46. Bxf5 Bxf5 47. Kxf5 Kxa5 48. g4 Kb4 49. Kxf6
Kxb3 50. g5 hxg5 51. hxg5 c4 52. g6 c3 53. g7 c2 54. g8=Q+ Kb2 55. Qb8+ 1-0

[Event "19e tournoi d'automne"]
[Site "Montigny le Bretonneux"]
[Date "2021.10.24"]
[Round "2.2"]
[White "Romero, Michel"]
[Black "Gouanelle, Franck"]
[Result "0-1"]
[WhiteElo "1697"]
[BlackElo "2029"]
[Annotator "Rivier,Sylvain"]
[PlyCount "110"]
[EventDate "2021.??.??"]

{Gambit dame, contre-gambit Albin} 1. d4 d5 2. c4 e5 3. dxe5 d4 4. Nf3 Nc6 5.
Bf4 Nge7 6. Bg5 Bg4 7. Nbd2 Qd7 8. Qb3 Ng6 9. e3 h6 10. Bf4 Bxf3 11. gxf3 Nxf4
12. exf4 O-O-O 13. h4 Kb8 14. Bh3 Qe7 15. O-O-O b6 16. a3 Na5 17. Qd3 Qxh4 18.
Bg4 Qe7 19. Rde1 Nb7 20. Nb3 Nc5 21. Nxc5 Qxc5 22. Re4 b5 23. Qb3 Qxc4+ 24.
Qxc4 bxc4 25. f5 Be7 26. f4 c3 27. Rd1 cxb2+ 28. Kxb2 c5 29. Kb3 Kc7 30. Kc4
Rb8 31. Re2 Rb6 32. Bh5 f6 33. Red2 Rd8 34. Rg1 Bf8 35. Rg3 Rdb8 36. Bd1 Re8
37. Ba4 Rd8 38. Re2 Ra6 39. e6 Kd6 40. e7 Rxa4+ 41. Kb5 Bxe7 42. Kxa4 Bf8 43.
Rb3 Kd5 44. Rb7 d3 45. Re3 Kd4 46. Kb3 c4+ 47. Ka2 d2 48. Rb1 c3 49. Rd1 Kc4
50. Re4+ Kd3 51. Ree1 c2 52. Re3+ Kc4 53. Re4+ Kb5 54. a4+ Kc5 55. Ree1 dxe1=Q
0-1

[Event "19e tournoi d'automne"]
[Site "Montigny le Bretonneux"]
[Date "2021.10.24"]
[Round "2.3"]
[White "Divies, Renaud"]
[Black "Brisse, Axel"]
[Result "1-0"]
[WhiteElo "1931"]
[BlackElo "1695"]
[Annotator "Rivier,Sylvain"]
[PlyCount "37"]
[EventDate "2021.??.??"]

{Ouverture anglaise} 1. c4 e5 2. Nc3 Bb4 3. g3 Bxc3 4. bxc3 d6 5. Bg2 Ne7 6.
Nf3 Nbc6 7. O-O Be6 8. d3 h6 9. h3 Qd7 10. Kh2 g5 11. Rb1 g4 12. hxg4 O-O-O 13.
Qa4 Bxg4 14. Be3 Kb8 15. Rxb7+ Kxb7 16. Rb1+ Ka8 17. Nxe5 d5 18. Nxd7 Bxd7 19.
cxd5 1-0

[Event "19e tournoi d'automne"]
[Site "Montigny le Bretonneux"]
[Date "2021.10.24"]
[Round "2.4"]
[White "Mimoune, Mehdi"]
[Black "Forissier, Nicolas"]
[Result "0-1"]
[WhiteElo "1451"]
[BlackElo "1918"]
[Annotator "Rivier,Sylvain"]
[PlyCount "64"]
[EventDate "2021.??.??"]

{DÃ©fense des deux cavaliers} 1. e4 e5 2. Nf3 Nc6 3. d4 exd4 4. Bc4 Nf6 5. e5
d5 6. Bb5 Ne4 7. Nxd4 Bd7 8. Bxc6 bxc6 9. O-O Bc5 10. Be3 O-O 11. Nd2 Nxd2 12.
Qxd2 Qe8 13. Rfe1 Bb6 14. Nb3 Qe7 15. Bg5 Qe6 16. Rad1 Qg6 17. Bf4 Bg4 18. Rc1
Bf3 19. Bg3 Be4 20. c4 dxc4 21. Rxc4 f5 22. exf6 Bd5 23. Rc3 Rxf6 24. Rf1 Raf8
25. Nc5 Ba5 26. Nd7 Bxc3 27. Nxf6+ Bxf6 28. b3 Qe4 29. f3 Qd4+ 30. Qxd4 Bxd4+
31. Kh1 Bb6 32. Bf2 Rd8 0-1

[Event "19e tournoi d'automne"]
[Site "Montigny le Bretonneux"]
[Date "2021.10.24"]
[Round "2.5"]
[White "Gaillard, Michel"]
[Black "Fayolle, Guy"]
[Result "1-0"]
[WhiteElo "1883"]
[BlackElo "1679"]
[Annotator "Rivier,Sylvain"]
[PlyCount "83"]
[EventDate "2021.??.??"]

{Partie espagnole, défense fermée} 1. e4 e5 2. Nf3 Nc6 3. Bb5 Nf6 4. d3 d6 5.
h3 Be7 6. O-O a6 7. Ba4 b5 8. Bb3 Na5 9. Nbd2 O-O 10. a3 Nxb3 11. Nxb3 c5 12.
Re1 Bb7 13. Nbd2 Nd7 14. Nf1 f5 15. Ng3 f4 16. Nf5 g6 17. Nh6+ Kg7 18. Ng4 Nf6
19. Nxf6 Bxf6 20. c3 Qb6 21. a4 bxa4 22. Qxa4 Bc6 23. Qa5 Qb7 24. c4 Bd8 25.
Qd2 a5 26. Qc2 a4 27. Bd2 g5 28. Bc3 Qd7 29. Nh2 Bf6 30. Qe2 Qf7 31. g4 fxg3
32. fxg3 Bd7 33. g4 Bc6 34. Nf1 Bd7 35. Ng3 Be7 36. Rf1 Qe8 37. Rxf8 Bxf8 38.
Nh5+ Kg6 39. Rf1 Be7 40. Qf2 Qh8 41. Qf7+ Kh6 42. Qxe7 1-0

[Event "19e tournoi d'automne"]
[Site "Montigny le Bretonneux"]
[Date "2021.10.24"]
[Round "2.6"]
[White "Kvashyna, Tetyana"]
[Black "Cogez, Celine"]
[Result "*"]
[WhiteElo "1762"]
[BlackElo "1320"]
[Annotator "Rivier,Sylvain"]
[PlyCount "67"]
[EventDate "2021.??.??"]

{Partie du pion dame} 1. d4 d5 2. Nf3 Nf6 3. e3 Bf5 4. Bd3 Bxd3 5. Qxd3 e6 6.
Qb5+ Nbd7 7. Qxb7 Bd6 8. Nbd2 O-O 9. O-O Nb6 10. Qa6 Ne4 11. c4 Nxc4 12. Nxc4
dxc4 13. Qxc4 Ng5 14. Nxg5 Qxg5 15. e4 Qh4 16. f4 Rfc8 17. e5 Bf8 18. f5 Qe7
19. f6 Qd7 20. fxg7 Bxg7 21. Rf3 Rd8 22. Be3 Rab8 23. Raf1 Rf8 24. Qc2 h6 25.
Rg3 Kh8 26. Rh3 Kg8 27. Bxh6 Bxh6 28. Rxh6 f6 29. Rg6+ Kh8 30. Qd2 Rf7 31.
Rfxf6 Re7 32. Qh6+ Rh7 33. Rf8+ Rxf8 34. Qxf8# *

[Event "19e tournoi d'automne"]
[Site "Montigny le Bretonneux"]
[Date "2021.10.24"]
[Round "2.7"]
[White "Sbai, Nael"]
[Black "Delmont, Jean-Robert"]
[Result "0-1"]
[WhiteElo "1099"]
[BlackElo "1753"]
[Annotator "Rivier,Sylvain"]
[PlyCount "110"]
[EventDate "2021.??.??"]

{Ouverture du pion dame} 1. d4 Nf6 2. Bf4 c5 3. e3 g6 4. dxc5 Qa5+ 5. Qd2 Qxc5
6. Qd4 Qxd4 7. exd4 Nc6 8. Nf3 Bg7 9. g3 b6 10. Nbd2 Nb4 11. Rc1 Nxa2 12. Rd1
Nb4 13. Rc1 d6 14. c3 Nbd5 15. Bg5 h6 16. c4 hxg5 17. cxd5 Nxd5 18. Nxg5 Bxd4
19. Bb5+ Bd7 20. Ba6 Rb8 21. Bc4 Bc6 22. Bb3 Bb7 23. O-O O-O 24. Rc4 Bxb2 25.
Rh4 Nf6 26. Re1 Be5 27. Re3 Rbc8 28. Ndf3 Rc1+ 29. Kg2 Rc3 30. Bd1 Rxe3 31.
fxe3 Kg7 32. Bb3 Bd5 33. Bxd5 Nxd5 34. Rh7+ Kg8 35. e4 Nf6 36. Rh6 Kg7 37. Rh4
a5 38. Nd2 Rc8 39. Kh3 a4 40. Ngf3 a3 41. Nb3 Rc3 42. Nfd2 a2 43. Na1 Rc1 44.
Ndb3 Rxa1 45. Nxa1 Bxa1 46. Rf4 Be5 47. Rf1 a1=Q 48. Rxa1 Bxa1 49. Kg2 Nxe4 50.
h4 Bd4 51. Kf3 d5 52. h5 b5 53. hxg6 b4 54. gxf7 b3 55. Kg2 b2 0-1

[Event "19e tournoi d'automne"]
[Site "Montigny le Bretonneux"]
[Date "2021.10.24"]
[Round "2.8"]
[White "Carbonnet, Christophe"]
[Black "Weil, Simon"]
[Result "1-0"]
[WhiteElo "1744"]
[BlackElo "1199"]
[Annotator "Rivier,Sylvain"]
[PlyCount "135"]
[EventDate "2021.??.??"]

{Gambit dame, dÃ©fense slave} 1. d4 d5 2. Nf3 Nf6 3. c4 c6 4. Qc2 dxc4 5. e4 b5
6. b3 cxb3 7. axb3 Bg4 8. Nbd2 e6 9. Bd3 Bb4 10. O-O Bxd2 11. Bxd2 Bxf3 12.
gxf3 Qxd4 13. Be3 Qd7 14. Rfd1 Qb7 15. Rdc1 h5 16. Qc5 Nbd7 17. Qxc6 Qxc6 18.
Rxc6 Ne5 19. Bxb5 O-O 20. Rca6 Rab8 21. Ba4 Nxf3+ 22. Kg2 Nh4+ 23. Kg3 Ng6 24.
f3 Rbc8 25. Rd1 Rc3 26. Kf2 Ne5 27. Ke2 Rfc8 28. Rxa7 Rc2+ 29. Rd2 Rxd2+ 30.
Bxd2 Rc2 31. Ra8+ Kh7 32. Rd8 Nc6 33. Bxc6 Rxc6 34. h4 Rc7 35. b4 Rb7 36. Kd3
Rd7+ 37. Rxd7 Nxd7 38. Bc3 Kh6 39. Bd2+ Kg6 40. Bc3 e5 41. b5 f5 42. Ba5 Kf6
43. Kc4 g5 44. Bd8+ Kf7 45. Bxg5 Ke6 46. exf5+ Kxf5 47. Kd5 Nb6+ 48. Kc6 Nc4
49. b6 Ke6 50. b7 Na5+ 51. Kc7 Nxb7 52. Kxb7 Kd7 53. Kb6 Kd6 54. Kb5 Kd5 55.
Be3 e4 56. fxe4+ Kxe4 57. Bg5 Kd5 58. Bd8 Kd6 59. Kc4 Kd7 60. Bg5 Ke6 61. Kd4
Kf5 62. Kd5 Kg6 63. Ke6 Kg7 64. Kf5 Kh7 65. Kf6 Kh8 66. Kg6 Kg8 67. Kxh5 Kh7
68. Bf6 1-0

[Event "19e tournoi d'automne"]
[Site "Montigny le Bretonneux"]
[Date "2021.10.24"]
[Round "2.9"]
[White "Aidan, David"]
[Black "Roy, Alain"]
[Result "0-1"]
[WhiteElo "1399"]
[BlackElo "1836"]
[Annotator "Rivier,Sylvain"]
[PlyCount "38"]
[EventDate "2021.??.??"]

{Défense sicilienne, variante Rossolimo} 1. e4 c5 2. Nf3 Nc6 3. Bb5 g6 4. O-O
Bg7 5. Bxc6 bxc6 6. d3 e6 7. Nc3 d5 8. exd5 cxd5 9. d4 cxd4 10. Nxd4 Nf6 11.
Re1 O-O 12. Bd2 Qb6 13. Bc1 Bd7 14. b3 Ne4 15. Nce2 e5 16. Nf3 Nxf2 17. Qxd5
Nh3+ 18. Kh1 Qg1+ 19. Nexg1 Nf2# 0-1

[Event "19e tournoi d'automne"]
[Site "Montigny le Bretonneux"]
[Date "2021.10.24"]
[Round "2.10"]
[White "Duval, Dominique"]
[Black "Flamant, Jacky"]
[Result "0-1"]
[WhiteElo "1695"]
[BlackElo "1479"]
[Annotator "Rivier,Sylvain"]
[PlyCount "116"]
[EventDate "2021.??.??"]

{Partie du pion dame} 1. d4 Nf6 2. Nc3 d5 3. Bf4 a6 4. e3 Bf5 5. f3 h6 6. g4
Bh7 7. Bd3 Bxd3 8. Qxd3 Nbd7 9. Nge2 c5 10. O-O-O e6 11. h4 b5 12. Kb1 Nb6 13.
dxc5 Bxc5 14. Nxb5 axb5 15. Qxb5+ Nbd7 16. g5 Nh5 17. gxh6 gxh6 18. Be5 Rg8 19.
Rhg1 Rxg1 20. Rxg1 Ke7 21. Bd4 Qa5 22. Bxc5+ Nxc5 23. Qxa5 Rxa5 24. Nd4 Ra8 25.
b3 Nf6 26. a4 Rg8 27. Rd1 Kd7 28. a5 Kc7 29. Kb2 Nfd7 30. b4 Na6 31. Ka3 Ne5
32. e4 Nc4+ 33. Kb3 Rb8 34. c3 Nxa5+ 35. Kc2 Nc4 36. Rg1 Ne5 37. Rg7 Kd6 38.
exd5 Kxd5 39. f4 Nxb4+ 40. cxb4 Kxd4 41. fxe5 Rxb4 42. Rxf7 Kxe5 43. Ra7 Rxh4
44. Ra5+ Kf4 45. Kd3 Kf3 46. Re5 Rg4 47. Rxe6 h5 48. Rf6+ Rf4 49. Rh6 h4 50.
Kd2 Kg3 51. Ke3 Rg4 52. Ke2 Kg2 53. Rf6 h3 54. Rf2+ Kg3 55. Kf1 h2 56. Rg2+ Kh3
57. Rxg4 h1=Q+ 58. Rg1 Qf3+ 0-1

[Event "19e tournoi d'automne"]
[Site "Montigny le Bretonneux"]
[Date "2021.10.24"]
[Round "2.11"]
[White "Tanchoux, Pierre"]
[Black "Gazay, Didier"]
[Result "0-1"]
[WhiteElo "1295"]
[BlackElo "1657"]
[Annotator "Rivier,Sylvain"]
[PlyCount "88"]
[EventDate "2021.??.??"]

{Partie du pion dame} 1. d4 e6 2. Nf3 f5 3. e3 Nf6 4. Nbd2 d5 5. Bd3 Bd6 6. b3
O-O 7. Ne5 Qe7 8. O-O Nbd7 9. f4 c5 10. Bb2 cxd4 11. Bxd4 Bc5 12. c3 Nxe5 13.
fxe5 Ng4 14. Qe1 Qc7 15. Nf3 Qb6 16. Qd2 Bd7 17. Rae1 Nh6 18. Kh1 Nf7 19. g3
Kh8 20. Qg2 Rg8 21. Qh3 g6 22. Qh4 g5 23. Nxg5 Nxg5 24. g4 Bxd4 25. cxd4 Raf8
26. Rf2 Ne4 27. Bxe4 dxe4 28. Ref1 Qd8 29. Qh3 Bc8 30. Rg2 fxg4 31. Rxf8 Qxf8
32. Qg3 Qf1+ 33. Rg1 Qf3+ 34. Rg2 Qxg3 35. hxg3 Rf8 36. Kh2 Bd7 37. Kg1 Bc6 38.
Rf2 Rf3 39. Rxf3 gxf3 40. Kf2 Kg7 41. b4 Kg6 42. a3 Kg5 43. Kg1 Kg4 44. Kh2 h5
0-1